| 000 | 01887nam a2200529 i 4500 | ||
|---|---|---|---|
| 001 | 44952 | ||
| 003 | KOSZ 005 | ||
| 005 | 20230417101541.0 | ||
| 008 | 230414s2004 pl a f 000 0 pol | ||
| 015 | _aUWD 2004/9136 | ||
| 020 | _a8373351337 | ||
| 035 | _a991023221519705066 | ||
| 035 | _a(PL-WaBN)b16258228-48omnis_nlop | ||
| 035 | _ab16258228 | ||
| 035 | _a(OCoLC)749544106 | ||
| 035 | _azz2004966407 | ||
| 035 | _a(PL)b0000001625822 | ||
| 035 | _a(EXLNZ-48OMNIS_NETWORK)9910342593405606 | ||
| 040 |
_aWA N _cWA N _dKOSZ 005/RW |
||
| 046 | _k2004 | ||
| 080 | _a519.61/.64 | ||
| 080 | _a(075.8) | ||
| 245 | 0 | 0 |
_aMetody numeryczne / _cJerzy Klamka, Zbigniew Ogonowski, Michał Jamicki, Mariusz Stasik ; [recenzent prof. dr hab. inż. Andrzej Królikowski]. |
| 250 | _aWydanie 2. | ||
| 260 |
_aGliwice : _bWydawnictwo Politechniki Śląskiej, _c2004. |
||
| 300 |
_a180, [2] stron : _brysunki, tabele, wykresy ; _c24 cm. |
||
| 336 |
_aTekst _btxt _2rdacontent |
||
| 337 |
_aBez urządzenia pośredniczącego _bn _2rdamedia |
||
| 338 |
_aWolumin _bnc _2rdacarrier |
||
| 380 | _aKsiążki | ||
| 380 | _aPublikacje dydaktyczne | ||
| 385 |
_mPoziom nauczania _aSzkoły wyższe |
||
| 388 | 1 | _a2001- | |
| 504 | _aBibliografia na stronie [181]. | ||
| 650 | 7 |
_aAnaliza numeryczna _2DBN |
|
| 655 | 7 |
_aPodręczniki akademickie _2DBN |
|
| 658 | _aMatematyka | ||
| 700 | 1 |
_aKlamka, Jerzy _d(1944- ) _eAutor |
|
| 700 | 1 |
_aJamicki, Michał _d(1972- ) _eAutor |
|
| 700 | 1 |
_aOgonowski, Zbigniew _eAutor |
|
| 700 | 1 |
_aStasik, Mariusz _eAutor |
|
| 700 | 1 |
_aKrólikowski, Andrzej _d(1945- ) _eRecenzja |
|
| 710 | 2 |
_aWydawnictwo Politechniki Śląskiej _4pbl |
|
| 856 |
_uhttp://koha.tu.koszalin.pl/cgi-bin/koha/opac-detail.pl?biblionumber=44952 _yKatalog online BPK |
||
| 942 |
_2UKD _cKS |
||
| 999 |
_c44952 _d44952 |
||